| 000 | 00696nam a22002177a 4500 | ||
|---|---|---|---|
| 008 | 240702b mp ||||| |||| 00| 0 mon d | ||
| 035 | _a6751 | ||
| 040 |
_aZA2481090 _bmon _cMN-UlNLM _dMN-UlNLM _erda |
||
| 041 | _amon | ||
| 042 | _a18719 | ||
| 084 |
_2NNA _a74.113.7 _bД-22 |
||
| 100 | _aДамдинсүрэн Д. | ||
| 245 | 0 | _aХүүхдийн тоглоомын талбай | |
| 264 |
_aУлаанбаатар _bСүхбаатарын нэрэмжит хэвл _c1963 |
||
| 300 | _a56х. | ||
| 336 |
_2rdacontent _atext _btxt |
||
| 337 |
_2rdamedia _aunmediated _bn |
||
| 338 |
_2rdacarrier _avolume _bnc |
||
| 650 | _aхүүхэд, хүүдийн тоглоом | ||
| 942 |
_2NNA _cBK |
||
| 999 |
_c1099607 _d1099664 |
||